Responses for show #7032 - Tuesday, March 24, 2015

Contestants

Gautam Mukunda, a professor from Boston, Massachusetts

Cindy Garner, a tax accountant from Omaha, Nebraska

Alex Navissi, a business development associate originally from Katy, Texas (whose 2-day cash winnings total $26,901)

Jeopardy! Round responses

WHAT A TV DRAMA QUEEN!
ASTROLOGY
EVERYBODY'S TALKIN' 'BOUT THEM
U.S. CITIES' INTERNATIONAL AIRPORTS
(Alex Trebek: You identify the city for us.)
THE ELEMENTS OF "TILE"
HEALTHY COOKING WITH MICHELLE OBAMA
    $200 17
Julianna Margulies

Cindy
    $200 20
in reverse (or backwards)

Gautam
    $200 14
Ali

Gautam
    $200 19
Chicago

Gautam
    $200 3
a projectile

Cindy
    $200 1
sodium

Alex
    $400 18
Downton Abbey

Gautam
    $400 21
houses

Cindy
    $400 15
Freud

Cindy
    $400 23
New Orleans

Alex
    $400 4
(Gautam: Oh, what is juvenile?)

infantile

CindyGautam
    $400 2
beta-carotene

Triple Stumper
    $600 5
Angela Lansbury

Alex
    $600 22
(Cindy: What is a fire sign?)

Gemini

AlexCindy
    $600 16
(Robert E.) Lee

Gautam
    $600 24
Boston

Alex
    $600 11
futile

Gautam
    $600 28
calcium

Alex
    $800 6
(Alex Navissi: What is Secretary of State?)

Madam Secretary

AlexGautam
    $800 27
cusp

Cindy
    $800 9
(Gautam: Who is Shakespeare?)
(Cindy: Who is Hawthorne?)
...
(Alex Trebek: He was best friends with [*].)

Mark Twain

CindyGautam
Triple Stumper
    $800 25
(Cindy: What is D.C.?)

Houston

CindyGautam
    $800 12
percentile

Gautam
    $800 29
(Cindy: What is potassium?)

vitamin A

Cindy
Triple Stumper
    $1000 8
C.J. Cregg

Gautam
    $1000 7
(Cindy: What is the horoscope?)

your astrological chart

Cindy
Triple Stumper
    $1,000 10
(Senator Joseph) McCarthy

Gautam
    $1000 26
Newark

Gautam
    $1000 13
ductile

Gautam
    $1000 30
(Cindy: What is a quiche?)
...
(Alex Trebek: That wraps up this round. Our thanks to the First Lady for all those clues. Made me hungry just looking at all that stuff. I was hoping she would invite me for dinner, but so far, I think the invitation got lost in the mail.)

frittatas

Cindy
Triple Stumper

Scores at the first commercial break (after clue 13):

Alex Cindy Gautam
$0 -$1,200 $4,000

Scores at the end of the Jeopardy! Round:

Alex Cindy Gautam
$2,200 -$2,600 $7,400

Double Jeopardy! Round responses

HANNIBAL LECTURE
NEWSPAPER TERMS
DOG STARS
LETTER-WORD
(Alex Trebek: For instance, "T-shirt". Something like that.)
BRITISH LITERATURE
TURNING OVER A NEW REEF
    $400 22
(Alex Trebek: With a minute to go.)

Carthage

Gautam
    $400 1
Toto

Alex
    $400 11
an e-ticket

Alex
    $400 6
The Time Machine

Alex
    $800 23
elephants

Gautam
    $800 2
Hooch

Alex
    $800 12
T-cells

Alex
    $800 7
Boswell

Gautam
    $1200 19
Punic

Gautam
    $1200 17
a wire

Gautam
    $1200 3
Beethoven

Alex
    $1200 13
g-forces

Cindy
    $1200 9
The Deathly Hallows

Cindy
    $1200 25
limestone

Gautam
    $1600 18
the Arno

Triple Stumper
    $1600 16
a pyramid

Cindy
    $1600 4
As Good as It Gets

Cindy
    $1600 14
A-line

Cindy
    $1600 8
Pip

Cindy
    $1,800 24
plate tectonics

Gautam
    $2000 20
consul

Triple Stumper
    $2000 21
paywall

Gautam
    $2000 5
Rin Tin Tin

Cindy
    $2000 15
[Gautam laughs at getting this clue right.]

B-school

Gautam
    $2,000 10
Tom Stoppard

Cindy
    $2000 26
[The end-of-round signal sounds.]

the turtle

Cindy

Scores at the end of the Double Jeopardy! Round:

Alex Cindy Gautam
$6,200 $12,200 $18,800

[wagering suggestions for these scores]

Final Jeopardy! Round responses

THE SCULPTOR SPEAKS
(Alex Trebek: [To Alex Navissi] A reference to the Pietà, in which the Virgin Mary looked younger than Jesus.)
AlexWho is Michelangelo?
$6,000
CindyWho is M DaVinci?
$6,600
GautamWho is Michelangelo?
$5,601
Michelangelo

Final scores:

Alex Cindy Gautam
$12,200 $5,600 $24,401
2nd place: $2,000 3rd place: $1,000 New champion: $24,401

Game dynamics:

Coryat scores:

Alex Cindy Gautam
$6,200 $12,200 $18,600
12 R,
1 W
15 R
(including 1 DD),
6 W
22 R
(including 2 DDs),
2 W

Combined Coryat: $37,000

The J! Archive is created by fans, for fans. The Jeopardy! game show and all elements thereof, including but not limited to copyright and trademark thereto, are the property of Jeopardy Productions, Inc. and are protected under law. This website is not affiliated with, sponsored by, or operated by Jeopardy Productions, Inc. Join the discussion at JBoard.tv.